日本から行ける国・都市 - Statistics

General Stats
  • This quiz has been taken 44 times
  • The average score is 75 of 109
Answer Stats
Hint Answer % Correct
大韓民国 ソウル
100%
中華民国 台北
97%
中華人民共和国 北京
97%
イギリス ロンドン
97%
フランス パリ
97%
イタリア ローマ
97%
釜山
95%
上海
95%
フィリピン マニラ
95%
タイ バンコク
95%
シンガポール シンガポール
95%
エジプト カイロ
95%
オーストリア ウィーン
95%
ロサンゼルス
95%
ニューヨーク
95%
オーストラリア シドニー
95%
モンゴル ウランバートル
92%
ベトナム ハノイ
92%
スペイン マドリード
92%
オランダ アムステルダム
92%
フィンランド ヘルシンキ
92%
ミラノ
92%
メキシコ メキシコシティ
92%
ホーチミン
90%
カンボジア プノンペン
90%
インド デリー
90%
アラブ首長国連邦 ドバイ
90%
ポーランド ワルシャワ
90%
シカゴ
90%
南京
87%
香港
87%
マレーシア クアラルンプール
87%
インドネシア ジャカルタ
87%
カタール ドーハ
87%
トルコ イスタンブール
87%
デンマーク コペンハーゲン
87%
スウェーデン ストックホルム
87%
カナダ バンクーバー
87%
メルボルン
87%
アブダビ
85%
ベルギー ブリュッセル
85%
広州
82%
マカオ
82%
トロント
82%
ワシントンDC
82%
ドイツ フランクフルト
79%
サンフランシスコ
79%
パース
79%
高雄
77%
ムンバイ
77%
アメリカ合衆国 ホノルル
77%
ニュージーランド オークランド
77%
ミュンヘン
74%
シアトル
74%
デトロイト
74%
台中
72%
ネパール カトマンズ
72%
スイス チューリッヒ
72%
杭州
69%
武漢
69%
エチオピア アディスアベバ
69%
ヒューストン
69%
ボストン
69%
大連
67%
重慶
67%
ウズベキスタン タシケント
67%
グアム
64%
ダラス
64%
済州
62%
アトランタ
62%
モントリオール
62%
大邱
59%
セブ
59%
スリランカ コロンボ
59%
イスラエル テルアビブ
59%
天津
56%
ブルネイ バンダルスリブガワン
56%
サンディエゴ
56%
ブリスベン
56%
深圳
54%
ハルビン
54%
青島
54%
デンパサール
54%
ケアンズ
54%
デンバー
51%
サイパン
49%
カルガリー
49%
西安
46%
ダナン
46%
成都
44%
厦門
44%
福州
44%
瀋陽
41%
サンノゼ
41%
パラオ コロール
41%
チェンマイ
36%
寧波
33%
長春
33%
ミネアポリス
33%
フランス領ポリネシア パペーテ
28%
海口
26%
コタキナバル
26%
ベンガルール
26%
済南
23%
フィジー ナンディ
23%
清州
21%
鄭州
21%
無錫
13%
クラーク
10%
No matching quizzes found
Score Distribution
Percent of People with Each Score
Percentile by Number Answered
Your Score History
You have not taken this quiz